| 000 | 00348nam a2200121Ia 4500 | ||
|---|---|---|---|
| 008 | 230724s2014 xx und d | ||
| 041 | _aeng | ||
| 082 | _a621.312 | ||
| 100 | _aHARRIES L AND | ||
| 245 | _aSOLAR PHOTOVOLTAIC, RENEWABLE ENERGIES SERIES.1ST ED. | ||
| 260 |
_bCENTER OF ADVANCED STUDIES IN ARCHITECTURE( CASA) _c2014 |
||
| 300 | _a270 | ||
| 999 |
_c1177437 _d1177437 |
||